Statistics for Brazil 1970 FIFA World Cup Squad

Click here to take the quiz!

General Stats

  • This quiz has been taken 85 times
  • The average score is 9 of 23

Answer Stats

PositionClubMember% Correct
FWSantosPelé
100%
MFBotafogoJairzinho
82%
DFSantosCarlos Alberto
79%
MFCorinthiansRivellino
77%
FWCruzeiroTostão
71%
MFSão PauloGérson
65%
GKFluminenseFélix
59%
MFSantosClodoaldo
47%
Manager/Mário Zagallo
46%
GKPalmeirasLeão
42%
DFGrêmioEveraldo
37%
MFCruzeiroPiazza
36%
DFFlamengoBrito
33%
FWSantosEdu
19%
DFFluminenseMarco Antônio
15%
MFBotafogoPaulo Cézar
15%
GKCorinthiansAdo
14%
FWAtlético MineiroDario
14%
FWBotafogoRoberto
12%
DFPortuguesaZé Maria
10%
DFCruzeiroFontana
8%
DFPalmeirasBaldocchi
5%
DFSantosJoel
4%

Score Distribution

Percentile by Number Answered

Percent of People with Each Score

Your Score History

You have not taken this quiz